[Event "SVK-chT2D 1718"]
[Site "Slovakia"]
[Date "2018.02.04"]
[Round "7.8"]
[White "Recky, Norbert"]
[Black "Petko, Peter"]
[Result "1-0"]
[WhiteElo "1864"]
[BlackElo "1819"]
[PlyCount "59"]
[EventDate "2017.10.28"]
[EventType "team-tourn"]
[EventRounds "11"]
[EventCountry "SVK"]
[SourceTitle "EXT 2019"]
[Source "ChessBase"]
[SourceDate "2018.10.10"]
[SourceVersion "1"]
[SourceVersionDate "2018.10.10"]
[SourceQuality "1"]
[WhiteTeam "Spisska Nova Ves"]
[BlackTeam "Gelnica Slovan"]
[WhiteTeamCountry "SVK"]
[BlackTeamCountry "SVK"]

1. e4 c5 2. Nf3 Nc6 3. d4 cxd4 4. Nxd4 g6 5. c4 Bg7 6. Be3 e6 7. Nc3 Nge7 8. Be2 0-0 9. 0-0 Nxd4 10. Bxd4 Nc6 11. Bxg7 Kxg7 12. Qd2 Qe7 13. Nb5 a6 14. Nd6 e5 15. c5 Nd4 16. Bc4 b5 17. Bd5 Rb8 18. b4 h6 19. f4 f6 20. fxe5 Qxe5 21. Rad1 Nc6 22. Rf3 h5 23. Rdf1 Qd4+ 24. Qxd4 Nxd4 25. Rxf6 Rxf6 26. Ne8+ Kh6 27. Nxf6 Nc2 28. Ng8+ Kg5 29. Rf8 Nxb4 30. Ne7 1-0

[Event "SVK-chT2D 1718"]
[Site "Slovakia"]
[Date "2017.11.26"]
[Round "4.8"]
[White "Petko, Peter"]
[Black "Medve, Stefan"]
[Result "1/2-1/2"]
[WhiteElo "1824"]
[BlackElo "1838"]
[PlyCount "57"]
[EventDate "2017.10.28"]
[EventType "team-tourn"]
[EventRounds "11"]
[EventCountry "SVK"]
[SourceTitle "EXT 2019"]
[Source "ChessBase"]
[SourceDate "2018.10.10"]
[SourceVersion "1"]
[SourceVersionDate "2018.10.10"]
[SourceQuality "1"]
[WhiteTeam "Gelnica Slovan"]
[BlackTeam "Moldava nad Bodvou"]
[WhiteTeamCountry "SVK"]
[BlackTeamCountry "SVK"]

1. d4 Nf6 2. c4 g6 3. Nf3 Bg7 4. Nc3 d6 5. e3 0-0 6. Bd3 Nc6 7. 0-0 e5 8. dxe5 dxe5 9. Be2 e4 10. Nd2 Re8 11. a3 b6 12. Qc2 Qe7 13. Rd1 Bb7 14. b3 Rad8 15. Bb2 Nb8 16. Nf1 Nbd7 17. Ng3 h5 18. Nb5 Nf8 19. Rab1 h4 20. Nf1 a6 21. Nc3 Ne6 22. h3 Ng5 23. Nh2 c6 24. Rxd8 Qxd8 25. Rd1 Qc7 26. Ng4 Nh5 27. Nh2 Nf6 28. Ng4 Nh5 29. Nh2 1/2-1/2

[Event "SVK-chT2D 1314"]
[Site "Slovakia"]
[Date "2014.01.11"]
[Round "5.5"]
[White "Foglar, Ivan"]
[Black "Petko, Peter"]
[Result "1/2-1/2"]
[WhiteElo "1988"]
[BlackElo "1859"]
[PlyCount "80"]
[EventDate "2013.10.19"]
[EventType "team-tourn"]
[EventRounds "11"]
[EventCountry "SVK"]
[SourceTitle "EXT 2015"]
[Source "ChessBase"]
[SourceDate "2014.11.20"]
[SourceVersion "1"]
[SourceVersionDate "2014.11.20"]
[SourceQuality "1"]
[WhiteTeam "Margecany"]
[BlackTeam "Gelnica Slovan"]
[WhiteTeamCountry "SVK"]
[BlackTeamCountry "SVK"]

1. e4 e5 2. Nf3 Nc6 3. Bc4 Bc5 4. 0-0 d6 5. h3 Nf6 6. d3 Ne7 7. Nc3 c6 8. Bb3 Ng6 9. Bg5 h6 10. Bd2 0-0 11. Na4 Bb6 12. Nxb6 Qxb6 13. Be3 Qc7 14. Qd2 Be6 15. c4 Rad8 16. Rac1 b6 17. Bd1 Qd7 18. a4 d5 19. exd5 cxd5 20. Qe2 Bf5 21. d4 Rfe8 22. b4 exd4 23. Nxd4 dxc4 24. Nxf5 Qxf5 25. Qxc4 Ne5 26. Qa6 Re7 27. a5 Nd5 28. Bc2 Qe6 29. Rfd1 Red7 30. Bb3 Qf6 31. Bxd5 Rxd5 32. Rxd5 Rxd5 33. Qxa7 bxa5 34. bxa5 Kh7 35. Qa8 Qd6 36. a6 Nc4 37. Qa7 Rd1+ 38. Rxd1 Qxd1+ 39. Kh2 Qd6+ 40. Kg1 Qd1+ 1/2-1/2